| 000 | 00542nam a22002057a 4500 | ||
|---|---|---|---|
| 003 | LK-CoDNM | ||
| 005 | 20250305155500.0 | ||
| 008 | 250305b |||||||| |||| 00| 0 eng d | ||
| 040 |
_aLK-CoDNM _dLK-CoDNM _eLK-CoDNM |
||
| 041 | _aeng | ||
| 080 |
_aRC _b679 |
||
| 100 | _aUnknown | ||
| 245 | _aHow Sri Lanka Fed Herself During the War 1939-1945 | ||
| 260 |
_aCeylon _bDrawn and Printed by Survey Dept. _c1947 |
||
| 300 | _aVI, 106p. ,ill ; 20 cm | ||
| 650 | _aWorld War | ||
| 650 | _aCricis | ||
| 650 | _aSri Lanka | ||
| 942 | _cBK | ||
| 999 |
_c238696 _d238696 |
||